|
|
|
|
| LEADER |
00842nab a2200217 i 4500 |
| 001 |
acta6787 |
| 005 |
20221007154016.0 |
| 008 |
161015s1993 hu o 0|| hun d |
| 022 |
|
|
|a 0324-6523
|
| 040 |
|
|
|a SZTE Egyetemi Kiadványok Repozitórium
|b hun
|
| 041 |
|
|
|a hun
|
| 100 |
1 |
|
|a Szentpéteri István
|
| 245 |
1 |
0 |
|a Legitimitás, jog és alkotmány viszonya Bibó István nézetrendszerében
|h [elektronikus dokumentum] /
|c Szentpéteri István
|
| 260 |
|
|
|a Szegedi Tudományegyetem Állam- és Jogtudományi Kara
|b Szeged
|c 1993
|
| 300 |
|
|
|a 451-458
|
| 490 |
0 |
|
|a Acta Universitatis Szegediensis : acta juridica et politica
|v 43 No. 1-4
|
| 650 |
|
4 |
|a Társadalomtudományok
|
| 650 |
|
4 |
|a Jogtudomány
|
| 695 |
|
|
|a Alkotmányjog
|
| 700 |
0 |
1 |
|a Bibó István
|
| 856 |
4 |
0 |
|u http://acta.bibl.u-szeged.hu/6787/1/juridpol_043_451-458.pdf
|z Dokumentum-elérés
|